000 00553nam a2200181 i 4500
001 43620
003 ES-MaACL
005 20230906160838.0
007 t|
008 030318s1875 sp ||||1| spa d
080 _a342.8
100 1 _aCervera, Valerio.
_937634
245 1 3 _aEl sufragio permanente
_b: modo fácil de practicarlo... /
_cValerio Cervera.
260 _aMadrid :
_b[s.n.],
_c1875 (
_fAlvarez hermanos)
300 _a22 p. ;
_c21 cm.
650 4 _aSufragio.
_9139124
852 _aES-MaACL
_jT-208-F-14
_z.- Dedicatoria autógrafa del autor
999 _c43620
_d43620